Statistics for Megan Thee Stallion Charting Songs (Billboard Hot 100)

Click here to take the quiz!

General Stats

  • This quiz has been taken 161 times
    (10 since last reset)
  • The average score is 15 of 32

Answer Stats

AlbumWeeks OnPeakArtist(s)Song% Correct
Suga28 Weeks#1 (1 Week)Megan Thee Stallion ft. BeyonceSavage
100%
Traumazine
21 Weeks#15Megan Thee Stallion & Dua LipaSweetest Pie
100%
Non-Album Single24 Weeks#1 (4 Weeks)Cardi B & Megan Thee StallionWAP
100%
Positions28 Weeks#2Ariana Grande ft. Doja Cat & Megan Thee Stallion34 + 35
90%
Good News20 Weeks#12Megan Thee StallionBody
80%
Non-Album Single11 Weeks#14Cardi B ft. Megan Thee StallionBongos
80%
Good News20 Weeks#28Megan Thee Stallion ft. DaBabyCry Baby
80%
Non-Album Single16 Weeks#11Megan Thee Stallion ft. Nicki Minaj & Ty Dolla $ignHot Girl Summer
80%
Non-Album Single6 Weeks#1 (1 Week)Megan Thee StallionHiss
70%
Suga4 Weeks#74Megan Thee StallionCaptain Hook
60%
Jordi25 Weeks#13Maroon 5 ft. Megan Thee StallionBeautiful Mistakes
50%
Tina Snow12 Weeks#65Megan Thee StallionBig Ole Freak
50%
Non-Album Single3 Weeks#32Megan Thee StallionCobra
50%
Traumazine1 Week#62Megan Thee StallionHer
50%
Something for Thee Hotties2 Weeks#97Megan Thee StallionMegan's Piano
50%
Traumazine2 Weeks#55Megan Thee Stallion ft. FuturePressurelicious
50%
Something for Thee Hotties20 Weeks#16Megan Thee StallionThot Shit
50%
Good News10 Weeks#30Megan Thee Stallion ft. Young ThugDon't Stop
40%
Traumazine10 Weeks#29Megan Thee StallionPlan B
40%
Traumazine1 Week#82Megan Thee Stallion ft. Key GlockUngrateful
40%
Suga10 Weeks#31Megan Thee StallionB.I.T.C.H.
30%
Traumazine1 Week#87Megan Thee Stallion ft. LattoBudget
30%
Good News1 Week#92Megan Thee Stallion ft. City GirlsDo It on the Tip
30%
MONTERO1 Week#47Lil Nas X ft. Megan Thee StallionDOLLA SIGN SLIME
30%
Good News1 Week#94Megan Thee StallionCircles
20%
Something for Thee Hotties1 Week#82Megan Thee StallionEat It
20%
Time Served4 Weeks#70Moneybagg Yo x Megan Thee StallionAll Dat
10%
Fever20 Weeks#36Megan Thee Stallion ft. DaBabyCash Shit
10%
Good News18 Weeks#28Megan Thee StallionGirls in the Hood
10%
Khaled Khaled2 Weeks#43DJ Khaled ft. Post Malone, Megan Thee Stallion, Lil Baby & DaBabyI Did It
10%
Blame It on Baby2 Weeks#50DaBaby ft. Ashanti & Megan Thee StallionNASTY
0%
Good News1 Week#82Megan Thee StallionShots Fired
0%

Score Distribution

Percentile by Number Answered

Percent of People with Each Score

Your Score History

You have not taken this quiz since the last reset